Top Spectator Sports by Country (International Version) - Statistics

General Stats
  • This quiz has been taken 78 times
  • The average score is 6 of 12
Answer Stats
Country Sport % Correct
Canada Ice Hockey
97%
India Cricket
82%
United States American Football
77%
New Zealand Rugby Union
77%
Cuba Baseball
67%
China Football
53%
Australia Australian Rules Football
50%
Ireland Gaelic Football
44%
Estonia Basketball
27%
Mongolia Wrestling
21%
Papua-New Guinea Rugby League
18%
Cambodia Volleyball
11%
No matching quizzes found
Score Distribution
Percent of People with Each Score
Percentile by Number Answered
Your Score History
You have not taken this quiz